Statistics for Call of Duty: Modern Warfare 2 Weapons

Click here to take the quiz!

General Stats

  • This quiz has been taken 5,997 times
    (5,994 since last reset)
  • The average score is 25 of 43

Answer Stats

TypeWeapon% Correct
Assualt rifleAk-47
89%
Sniper rifleIntervention
79%
Sniper rifleBarrett .50cal
78%
Rocket launcherRPG-7
78%
"Shield"Riot shield
75%
Sub machine gunUMP 45
75%
Assault rifleM4A1
74%
Assault rifleM16A4
73%
Sub machine gunMP5K
73%
ShotgunSpas-12
73%
Assault rifleACR
72%
Assault rifleScar-H
72%
PistolDesert Eagle
69%
Assault rifleFamas
67%
Machine pistolG18
64%
PistolM9
63%
ShotgunModel 1887
63%
ShotgunAA-12
59%
Sub machine gunMini Uzi
59%
PistolUSP.45
59%
Sniper rifleWA2000
59%
Rocket launcherJavelin
58%
Light machine gunM240
58%
Assault rifleFAL
57%
Sub machine gunP90
56%
Light machine gunRPD
56%
Rocket launcherStinger
54%
Pistol.44 Magnum
53%
Sniper rifleM14/M21 Ebr
53%
Assault rifleTar-21
52%
Assault rifleF2000
51%
Machine pistolM93 Raffica
51%
Sub machine gunVector
51%
ShotgunRanger
50%
ShotgunStriker
49%
Light machine gunAug Hbar
46%
Rocket launcherThumper
45%
Machine pistolPP 2000
44%
Light machine gunL86 LSW
43%
Rocket launcherAT4
40%
Machine pistolTMP
38%
ShotgunM1014
37%
Light machine gunMG4
35%

Score Distribution

Percentile by Number Answered

Percent of People with Each Score

Your Score History

You have not taken this quiz since the last reset